000 01572cam a22001934a 4500
005 20250605165244.0
008 250528s ||||||||||||||||||||||||d
035 _a23586
040 _aGR-AtMCL
_bgre
_dGR-AtMCL
_eAACR2
245 1 _aΔιαχείριση Κρίσεων στις Πολυεθνικές
260 _c2011
300 _a31
520 _aΗ Έννοια της Διαχείρισης Κρίσεως, Ορισμός, Δομικά Στοιχεάι της Κρίσης - Φάσεις, Διαχείριση Κρίσεων - Ορισμός, Α;ιτίες Ενδεχόμενων Κρίσεων, Το Περιβάλλον μιας Επιχείρησης, Το Περιβάλλον του Μάρκετινγκ, Το Μίκροπεριβάλλον του Μάρκετινγκ, Το Μακροπεριβάλλον του Μάρκετινγκ, Οι Λόγοι της Δημιουργίας Κρίσης σε μία Επιχείρηση, Πολυπλοκότητα του Περιβάλλοντος, ''Μα'υρος Κύκνος'', Μη Κατανόηση του Εκάστοτε Μηνύματος, Τα Ψηφιακά Μέσα, Ιδρυματοποίηση και Ψιλομύτες Στελέχη, Οι Αντιδράσεις των Πολυεθνικών στην Κρίση, Συμπεράσματα - Η Εταιρία του Μέλλοντος, Βιβλιογραφία.
700 1 _aΘεοδωρόπουλος Ανδρέας
_93878
700 1 _aΚαραμπάτσου Κωνσταντίνα
_99173
942 _cDS
999 _c8587
_d8587